00467nam a2200169Ia 4500999001700000003000400017005001700021008004100038040000900079082001900088100002900107245005500136260004100191300000900232650001200241942004400253 c21576d21576OSt20200624094237.0190216s9999||||xx |||||||||||||| ||und|| coclc a954.035bMAN/M aManthanam, Joseph 93145 4aThe Mystery Of Netaji`s Death /c Joseph Manthanam bNetaji Study Circle,c1998.aKerala: a102p aHistory cBK2ddch954.035iMAN/Mk954.035mMAN/M